| 000 | 01242naa a22003377a 4500 | ||
|---|---|---|---|
| 001 | BR8801256 | ||
| 003 | BR-BrBNA | ||
| 005 | 20240918175954.0 | ||
| 007 | ta | ||
| 008 | 230509b bl.||||| |||| 00| 0 por d | ||
| 040 |
_aBR-BrBNA _bpor _cBiblioteca Nacional de Agricultura |
||
| 041 | _a(Pt) | ||
| 072 |
_aH20 _b0120 _b4120 |
||
| 090 | _aH20 BR8801256 | ||
| 100 | 1 | _aAlmeida, A.M.P. | |
| 100 | 1 | _aTrombeta, I.A. | |
| 100 | 1 | _aOliveira, M.R. | |
| 100 | 1 | _aWink, R.F. | |
| 111 | 1 |
_a30. Reuniao Tecnica Anual do Milho _cPorto Alegre, RS (Brazil) _d6 Aug 1985 |
|
| 245 | 1 | _aAvaliacao da incidencia de microorganismos em espigas e sementes de milho | |
| 246 | 1 | _a[Valluations of microorganisms incidence in spikes and maize seed] | |
| 246 | 1 | _a[Proceedings of the 30th Maize Technical Annual Reunion] | |
| 260 | 3 |
_aPorto Alegre, RS (Brasil): _c1985. |
|
| 500 | _aAta da 30. Reuniao Tecnica Anual do Milho Porto Alegre, RS (Brasil): 1985. p. 341-351 (BR8801256-AM)H20 | ||
| 650 | _aMILHO | ||
| 650 | _aFUNGO | ||
| 650 | _aVARIEDADE RESISTENTE | ||
| 773 | 0 |
_tAta da 30. Reuniao Tecnica Anual do Milho _wH20 BR8801256 _gPorto Alegre, RS (Brasil), 1985. p. 341-351 |
|
| 909 |
_a202404 _bLucia _c55 _dLucia Elande |
||
| 942 |
_cAM _2AGRIS |
||
| 999 |
_c319042 _d319042 |
||